| 000 | 00402nam a2200145Ia 4500 | ||
|---|---|---|---|
| 008 | 240126s9999 xx 000 0 und d | ||
| 041 | _aEnglish | ||
| 082 | _aLIBRARY-XI | ||
| 245 | 0 | _aInternational Journal of Retail Marketing (2012 - | |
| 260 |
_bGlobal Research Publications _aNew Delhi |
||
| 440 | _aNULL | ||
| 650 | _aManagement | ||
| 650 | _aRetail,Marketing,(2012,-,Management | ||
| 942 | _cJN | ||
| 999 |
_c270785 _d270785 |
||